000 00439cam a2200169ua 4500
020 _c3.00
041 _amal
_h
082 _a894.812308
_bSUK/MA
100 _aSukumar, Azhikode .
245 _aMahatmavinte margam /
_cSukumar Azhicode.
_hTextual Documents
260 _aKottayam :
_bSahitya Pravarthaka Co-operative Society ,
_c1968.
300 _a179 ; .
365 _a3.00
504 _a
942 _cBK
999 _c5015
_d5015